| 000 | 00384nam a2200145Ia 4500 | ||
|---|---|---|---|
| 008 | 230312s9999||||xx |||||||||||||| ||und|| | ||
| 020 | _a9781292156200 | ||
| 082 |
_a621.382 _bOPP-S |
||
| 100 | _aPhillips,Joseph | ||
| 245 | 0 | _aPgMP program management professional exam guide | |
| 260 |
_bPearson _aMalaysia _c2017 |
||
| 300 | _a604 | ||
| 650 |
_aComputer _vSignaltheorie |
||
| 942 | _cBK | ||
| 999 |
_c17617 _d17617 |
||